| 000 -LEADER |
| fixed length control field |
01452cam a2200397 i 4500 |
| 001 - CONTROL NUMBER |
| control field |
18990300 |
| 003 - CONTROL NUMBER IDENTIFIER |
| control field |
NUST |
| 005 - DATE AND TIME OF LATEST TRANSACTION |
| control field |
20191212111709.0 |
| 008 - FIXED-LENGTH DATA ELEMENTS--GENERAL INFORMATION |
| fixed length control field |
160225s2016 flua b 001 0 eng |
| 010 ## - LIBRARY OF CONGRESS CONTROL NUMBER |
| LC control number |
2016009009 |
| 020 ## - INTERNATIONAL STANDARD BOOK NUMBER |
| International Standard Book Number |
9781498726665 (alk. paper) |
| 038 ## - RECORD CONTENT LICENSOR |
| Staff Name |
MSOHAIL |
| 040 ## - CATALOGING SOURCE |
| Original cataloging agency |
DLC |
| Language of cataloging |
eng |
| Transcribing agency |
DLC |
| Description conventions |
rda |
| Modifying agency |
DLC |
| 042 ## - AUTHENTICATION CODE |
| Authentication code |
pcc |
| 050 00 - LIBRARY OF CONGRESS CALL NUMBER |
| Classification number |
TC413 |
| Item number |
.H935 2017 |
| 082 00 - DEWEY DECIMAL CLASSIFICATION NUMBER |
| Classification number |
363.34630284 |
| Edition number |
23 |
| 245 00 - TITLE STATEMENT |
| Title |
Hydrologic remote sensing : |
| Remainder of title |
capacity building for sustainability and resilience / |
| Statement of responsibility, etc. |
edited by Yang Hong, Yu Zhang, Sadiq Ibrahim Khan. |
| 264 #1 - PRODUCTION, PUBLICATION, DISTRIBUTION, MANUFACTURE, AND COPYRIGHT NOTICE |
| Place of production, publication, distribution, manufacture |
Boca Raton : |
| Name of producer, publisher, distributor, manufacturer |
CRC Press/Taylor & Francis, |
| Date of production, publication, distribution, manufacture, or copyright notice |
[2017] |
| 300 ## - PHYSICAL DESCRIPTION |
| Extent |
xviii, 395 pages : |
| Other physical details |
illustrations ; |
| Dimensions |
25 cm |
| 336 ## - CONTENT TYPE |
| Content type term |
text |
| Source |
rdacontent |
| 337 ## - MEDIA TYPE |
| Media type term |
unmediated |
| Source |
rdamedia |
| 338 ## - CARRIER TYPE |
| Carrier type term |
volume |
| Source |
rdacarrier |
| 504 ## - BIBLIOGRAPHY, ETC. NOTE |
| Bibliography, etc. note |
Includes bibliographical references and index. |
| 650 #0 - SUBJECT ADDED ENTRY--TOPICAL TERM |
| Topical term or geographic name entry element |
Watershed management. |
| 9 (RLIN) |
26791 |
| 650 #0 - SUBJECT ADDED ENTRY--TOPICAL TERM |
| Topical term or geographic name entry element |
Hydrologic models. |
| 9 (RLIN) |
6306 |
| 650 #0 - SUBJECT ADDED ENTRY--TOPICAL TERM |
| Topical term or geographic name entry element |
Groundwater |
| General subdivision |
Remote sensing. |
| 9 (RLIN) |
26792 |
| 650 #0 - SUBJECT ADDED ENTRY--TOPICAL TERM |
| Topical term or geographic name entry element |
Droughts |
| General subdivision |
Remote sensing. |
| 9 (RLIN) |
26793 |
| 650 #0 - SUBJECT ADDED ENTRY--TOPICAL TERM |
| Topical term or geographic name entry element |
Floods |
| General subdivision |
Remote sensing. |
| 9 (RLIN) |
26794 |
| 650 #0 - SUBJECT ADDED ENTRY--TOPICAL TERM |
| Topical term or geographic name entry element |
Sustainable development. |
| 9 (RLIN) |
442 |
| 700 1# - ADDED ENTRY--PERSONAL NAME |
| Personal name |
Hong, Yang, |
| Dates associated with a name |
1973- |
| Relator term |
editor. |
| 9 (RLIN) |
26795 |
| 700 1# - ADDED ENTRY--PERSONAL NAME |
| Personal name |
Zhang, Yu, |
| Dates associated with a name |
1975- |
| Relator term |
editor. |
| 9 (RLIN) |
26796 |
| 700 1# - ADDED ENTRY--PERSONAL NAME |
| Personal name |
Khan, Sadiq Ibrahim, |
| Relator term |
editor. |
| 9 (RLIN) |
26797 |
| 906 ## - LOCAL DATA ELEMENT F, LDF (RLIN) |
| a |
7 |
| b |
cbc |
| c |
orignew |
| d |
1 |
| e |
ecip |
| f |
20 |
| g |
y-gencatlg |
| 942 ## - ADDED ENTRY ELEMENTS (KOHA) |
| Source of classification or shelving scheme |
|
| Koha item type |
Book |